Biostatistics and Epidemiology / (Record no. 362728)
[ view plain ]
| 000 -LEADER | |
|---|---|
| fixed length control field | 00491nam a22001577a 4500 |
| 008 - FIXED-LENGTH DATA ELEMENTS--GENERAL INFORMATION | |
| fixed length control field | 191128b xxu||||| |||| 00| 0 eng d |
| 020 ## - INTERNATIONAL STANDARD BOOK NUMBER | |
| International Standard Book Number | 9789814878531 |
| 050 ## - LIBRARY OF CONGRESS CALL NUMBER | |
| Classification number | RA 652.2.M3 .H441 2020 |
| 100 ## - MAIN ENTRY--PERSONAL NAME | |
| Personal name | Bush, Heather.-- |
| 245 ## - TITLE STATEMENT | |
| Title | Biostatistics and Epidemiology / |
| Statement of responsibility, etc | Heather M. Bush; Caroline A. Macera, Richard Shaffer and Peggy M. Shaffer |
| 260 ## - PUBLICATION, DISTRIBUTION, ETC. (IMPRINT) | |
| Place of publication, distribution, etc | Singapore |
| Name of publisher, distributor, etc | Cengage |
| Date of publication, distribution, etc | 2020 |
| 300 ## - PHYSICAL DESCRIPTION | |
| Extent | ix, 506 pages. |
| 690 ## - LOCAL SUBJECT ADDED ENTRY--TOPICAL TERM (OCLC, RLIN) | |
| Topical term or geographic name as entry element | Biostatistics |
| 690 ## - LOCAL SUBJECT ADDED ENTRY--TOPICAL TERM (OCLC, RLIN) | |
| Topical term or geographic name as entry element | Epidemiology |
| 942 ## - ADDED ENTRY ELEMENTS (KOHA) | |
| Source of classification or shelving scheme | Library of Congress Classification |
| Item type | Books |
| Withdrawn status | Lost status | Source of classification or shelving scheme | Damaged status | Home library | Current library | Shelving location | Date acquired | Total Checkouts | Total Renewals | Full call number | Barcode | Date last seen | Date last borrowed | Price effective from | Koha item type |
|---|---|---|---|---|---|---|---|---|---|---|---|---|---|---|---|
| Library of Congress Classification | South SEED-LPDH College Library | South SEED-LPDH College Library | South SEED-LPDH College Section | 11/28/2019 | 4 | 16 | RA 652.2.M3 .H441 2020 | SSLC1881 | 07/01/2022 | 04/18/2022 | 11/28/2019 | Books |